Sudden Death - Super Bowl Winners - Statistics

General Stats
  • This quiz has been taken 9 times
  • The average score is 5 of 13
Answers on the Grid
Answers color-coded by a green-red scale on the quiz's grid according to % correct below.
Clyde Edwards-Helaire
Boston Scott
Jason Sehorn
Brandon Bolden
Zack Martin
Jason Pierre-Paul
Jake Fromm
Ryan Succop
Jimmy Garoppolo
Ben Skowronek
Cris Carter
Alaric Jackson
Patrick Chung
Laurent Duvernay-Tardif
Matthew Bergeron
Teven Jenkins
Olamide Zaccheus
Chad Henne
Darious Williams
Jonathan Vilma
Joey Bosa
Matthew Judon
Byron Jones
Arden Key
Shane Zylstra
Cam Bynum
Quintorris Lopez Jones
Darren Sproles
Kelvin Beachum
Nelson Agholor
 
Answer Stats
Answer % Correct
Chad Henne
57%
Clyde Edwards-Helaire
57%
Jason Pierre-Paul
57%
Jimmy Garoppolo
57%
Ben Skowronek
43%
Darious Williams
43%
Ryan Succop
43%
Jonathan Vilma
29%
Nelson Agholor
29%
Patrick Chung
29%
Brandon Bolden
14%
Darren Sproles
14%
Laurent Duvernay-Tardif
14%
No matching quizzes found
Score Distribution
Percent of People with Each Score
Percentile by Number Answered
Your Score History
You have not taken this quiz